00379nam a22001337a 4500008004100000040005500041080002100096100002200117245003300139260004000172300001000212650001400222653000900236230529b |||||||| |||| 00| 0 eng d aNational Science LibrarycNational Science Library aR 915.4(026)bK5 aHurlimann, Martin aDelhi, Agra, Fatehpur Sikri  aLondon: bThomes and Hudson, c1965 a150p. aGeography aAgra